01559nam a22001697a 4500003000400000005001700004007000300021008004100024040002500065082002000090100003000110245013500140260003600275300004600311505057600357505045600933OSt20210211102650.0ta210211b1969 dr abd|jrp||| 001 0 eng d aDO-SdBNPbspacBNPHU aBNPHU-xxbR231g1 aRastrilla Pérez , Juan aGeografí Universal :b1er. año. /cAntonio M. Zubia y Henríquez García Ruiz ; Estela Tiburcio de Concepción , adaptador. aSanto Domingo :bDISESA ,c1969 a310 pg.bil., mapa , gráficos ;c22 cm.0 aGeografía General :tLección 1 : cosmografía- el universo. Lección 2: la tierra. Lección 3: la tierra: elementos físicos. Lección 4: la aguas marinas. Lección 5: el relieve terrestre. Lección 6 : el clima. Lección 7 : tipos de clima y vegetación. Lección 8 : las aguas continentales. Lección 9: el hombre y el medio geografía. Lección 10: el hombre en los países cálidos. Lección 11: los hombres en los países secos. Lección 12: el hombre en los países templados y fríos. Lección 13: transformación de los productos.0 aGeografía descriptiva :tLección 14: Europa. Lección 15: Europa Nórdica. Lección 16: Europa Occidental: caracteres. Lección 17: las islas británicas. Lección 18: el benelux. Lección 19: Francia. Lección 20: la Europa Mediterránea. Lección 21: Italia. Lección 22: la Península Ibérica. Lección 23: la Europa central. Lección 24: Europa central (continuación). Lección 25: Europa Danubiana. Lección 26: la U:R:S:S